Movies Quiz

Random Movies or Actor Quiz

3 Roles (Comedy Edition) Quiz Stats

Quiz Updated Feb 23, 2016

Challenge
Share
Tweet
Embed
Score 0/30 Timer 10:00
3 Plays Today
% Correct
Adam Sandler
90.4%
John Goodman
87.5%
Sacha Baron Cohen
86.7%
Christopher Lloyd
83.3%
Lucille Ball
78.7%
Robin Williams
77.3%
Mike Myers
74.5%
John Belushi
73.8%
John C. Reilly
70.5%
Jim Carrey
70%
Peter Sellers
66%
Harold Ramis
64.9%
Chris Farley
64.7%
Jack Lemmon
62.5%
Mel Brooks
59.9%
% Correct
Rick Moranis
55.1%
Chico Marx
51.1%
Richard Pryor
49%
Anne Hathaway
48.2%
Rodney Dangerfield
48%
Zach Galifianakis
47.3%
Drew Barrymore
47%
Sandra Bullock
46.9%
Jack Black
44.5%
George Carlin
44.5%
Meg Ryan
43.7%
Whoopi Goldberg
41.4%
Melissa McCarthy
39.2%
Kristen Wiig
39%
Tina Fey
23.8%

You're not logged in!

Compare scores with friends on all Sporcle quizzes.
Join for Free
OR
Log In

You Might Also Like...

Show Comments

Extras

Top Quizzes Today


Score Distribution

Your Account Isn't Verified!

In order to create a playlist on Sporcle, you need to verify the email address you used during registration. Go to your Sporcle Settings to finish the process.

Report this User

Report this user for behavior that violates our Community Guidelines.

Details: